书目信息 |
| 题名: |
应用文写作训练题集参考答案
|
|
| 作者: | ||
| 分册: | ||
| 出版信息: |
|
|
| 页数: | 209页 | |
| 开本: | 20cm | |
| 丛书名: | ||
| 单 册: | ||
| 中图分类: | H152.3-44 | |
| 科图分类: | ||
| 主题词: | 汉语--写作 , 汉语--修辞 | |
| 电子资源: | ||
| ISBN: | ||
| 000 | 00430nam0 2200157 450 | |
| 001 | 0740139505 | |
| 005 | 20070930110952.31 | |
| 100 | @a20070930d km y0chiy0120 ea | |
| 101 | 0 | @achi |
| 200 | 1 | @a应用文写作训练题集参考答案@Aying yong wen xie zuo xun lian ti ji can kao da an |
| 215 | @a209页@d20cm | |
| 606 | 0 | @a汉语@x写作 |
| 606 | 0 | @a汉语@x修辞 |
| 690 | @aH152.3-44@v3 | |
| 801 | 0 | @aCN@bPFT@c20070930 |
| 905 | @a10447@dH152.3-44@e447 | |
| 应用文写作训练题集参考答案 |
| 209页;20cm |
| ISBN : |
| ● |
| 相关链接 |
|
|
|
|
正题名:应用文写作训练题集参考答案
索取号:H152.3-44/447
 
预约/预借
| 序号 | 登录号 | 条形码 | 馆藏地/架位号 | 状态 | 备注 |
| 1 | 626291 | 206262916 | 密集书库/ [索取号:H152.3-44/447] | 在馆 |